| 000 | 01518nam0a2200349 4500 | ||
|---|---|---|---|
| 001 | RU\NLR\bibl\1689776 | ||
| 005 | 20250616054048.0 | ||
| 010 |
_a978-5-400-00326-4 _9550 |
||
| 021 |
_aRU _b2010-71461 _94729 |
||
| 035 | _a(nilc)RSL-KNO-004733535 | ||
| 035 | _a(NLR Aleph) 001680896 | ||
| 090 |
_a1100571 _c1100571 |
||
| 100 | _a20100920d2010 |||y0rusy50 ca | ||
| 101 | 0 | _arus | |
| 102 | _aRU | ||
| 105 | _aa ||||||||| | ||
| 200 | 1 |
_aОсновы менеджмента _eучебное пособие _fЛ.М. Ужахова _gРос. Федерация, М-во образования и науки, ГОУ ВПО Тюмен. гос. ун-т, Ин-т дистанцион. образования, Междунар. ин-т финансов, упр. и бизнеса |
|
| 205 | _a2-е изд., перераб. и доп. | ||
| 210 |
_aТюмень _cИзд-во Тюменского государственного университета _d2010 |
||
| 215 |
_a387 с. _cил. _d20 |
||
| 320 | _aБиблиогр.: с. 350-351 | ||
| 606 | 1 |
_aМенеджмент _jУчебные издания для высших учебных заведений _91566100 _3RU\NLR\auth\66685658 |
|
| 686 |
_aУ9(2)212я73-1 _2rubbk |
||
| 686 | _aУ21(0)я73 | ||
| 700 | 1 |
_aУжахова _bЛ. М. _gЛейла Магомедовна _4070 |
|
| 801 | 0 |
_aRU _bРГБ _c20100920 _grcr |
|
| 801 | 1 |
_aRU _bРГБ _c20100920 |
|
| 801 | 2 |
_aRU _bNLR _c20101022 _grcr |
|
| 942 | _cBOOK | ||
| 980 | _aNB | ||
| 980 | _aNBR | ||